000 00482nam a2200145Ia 4500
008 170221s9999 xx 000 0 und d
100 _aMalin Ideland
245 _aStem Cells between Ethics and Entrepreneurship: How a Contested Bio-Object Became ‘Normal’
245 _cMalin Ideland
260 _bStudies in Media and Communication
260 _c2016
650 _xCommunication
650 _xMedia Arts
856 _uhttp://redfame.com/journal/index.php/smc/issue/view/20
999 _c309092
_d309092